[Event "Team men PL final"]
[Site "Sochi"]
[Date "2018.05.08"]
[Round "7.1"]
[White "Shinkevich, Vitaly"]
[Black "Vitiugov, Nikita"]
[Result "1/2-1/2"]
[BlackElo "2740"]
[WhiteElo "2433"]
[LiveChessVersion "1.4.8"]

1. c4 {[%clk 1:30:37]} e5 {[%clk 1:28:15]} 2. Nc3 {[%clk 1:30:54]} Nf6
{[%clk 1:26:09]} 3. Nf3 {[%clk 1:28:45]} Nc6 {[%clk 1:26:31]} 4. d3
{[%clk 1:26:40]} d5 {[%clk 1:23:49]} 5. cxd5 {[%clk 1:26:52]} Nxd5
{[%clk 1:24:15]} 6. e4 {[%clk 1:26:09]} Nb6 {[%clk 1:21:19]} 7. Be3
{[%clk 1:26:18]} Bg4 {[%clk 1:14:52]} 8. Be2 {[%clk 1:24:04]} Bxf3
{[%clk 1:10:56]} 9. Bxf3 {[%clk 1:24:22]} Be7 {[%clk 1:10:49]} 10. O-O
{[%clk 1:24:21]} O-O {[%clk 1:11:00]} 11. a3 {[%clk 1:21:44]} Nd4
{[%clk 1:04:33]} 12. Bg4 {[%clk 1:21:46]} c6 {[%clk 1:04:06]} 13. Ne2
{[%clk 1:18:32]} Nxe2+ {[%clk 0:59:27]} 14. Qxe2 {[%clk 1:18:53]} Bg5
{[%clk 0:58:23]} 15. Bc5 {[%clk 1:08:31]} Re8 {[%clk 0:57:06]} 16. Rfd1
{[%clk 1:08:28]} Qc7 {[%clk 0:53:03]} 17. g3 {[%clk 1:06:51]} Rad8
{[%clk 0:40:15]} 18. h4 {[%clk 1:01:23]} Be7 {[%clk 0:36:10]} 19. Be3
{[%clk 0:59:17]} Nd7 {[%clk 0:28:57]} 20. Rac1 {[%clk 0:58:43]} Nf6
{[%clk 0:27:42]} 21. Bh3 {[%clk 0:58:39]} Bd6 {[%clk 0:25:57]} 22. Qc2
{[%clk 0:54:20]} Ra8 {[%clk 0:19:06]} 23. Kg2 {[%clk 0:44:18]} h6
{[%clk 0:18:15]} 24. Re1 {[%clk 0:40:41]} a5 {[%clk 0:14:24]} 25. Rcd1
{[%clk 0:29:23]} a4 {[%clk 0:14:39]} 26. d4 {[%clk 0:26:46]} exd4
{[%clk 0:12:12]} 27. Bxd4 {[%clk 0:25:50]} Nh7 {[%clk 0:04:37]} 28. f4
{[%clk 0:24:33]} c5 {[%clk 0:01:34]} 29. Bf2 {[%clk 0:24:23]} Nf8
{[%clk 0:01:23]} 30. e5 {[%clk 0:20:07]} Be7 {[%clk 0:01:45]} 31. Kh2
{[%clk 0:20:35]} b5 {[%clk 0:01:25]} 32. Rd5 {[%clk 0:11:28]} Rad8
{[%clk 0:01:30]} 33. Red1 {[%clk 0:11:57]} Rxd5 {[%clk 0:01:37]} 34. Rxd5
{[%clk 0:12:20]} Rd8 {[%clk 0:01:28]} 35. Qd1 {[%clk 0:12:41]} c4
{[%clk 0:00:40]} 36. Rxd8 {[%clk 0:12:51]} Bxd8 {[%clk 0:00:45]} 37. Qd5
{[%clk 0:12:38]} Be7 {[%clk 0:00:34]} 38. Qxb5 {[%clk 0:10:48]} c3
{[%clk 0:00:59]} 39. bxc3 {[%clk 0:09:58]} Qxc3 {[%clk 0:01:25]} 40. Qxa4
{[%clk 0:38:03]} Qb2 {[%clk 0:27:16]} 41. Qd4 {[%clk 0:36:04]} Qxa3
{[%clk 0:25:45]} 42. f5 Qf3 43. Bg4 {[%clk 0:35:12]} Qc6 {[%clk 0:26:03]} 44. Bd1
{[%clk 0:25:20]} Qc8 {[%clk 0:16:12]} 45. Qe4 {[%clk 0:20:35]} Qc3 46. Kh3 Qd2
{[%clk 0:05:14]} 47. Qd4 {[%clk 0:13:58]} Qa2 {[%clk 0:05:01]} 48. Bf3
{[%clk 0:11:38]} Qb1 {[%clk 0:04:46]} 49. Be4 {[%clk 0:09:57]} Qf1+
{[%clk 0:04:56]} 50. Bg2 {[%clk 0:08:57]} Qe2 {[%clk 0:02:13]} 51. Qe3
{[%clk 0:07:03]} Qc4 52. Qe4 Qa2 {[%clk 0:02:28]} 53. Bd4 {[%clk 0:07:12]} Qc4
{[%clk 0:02:07]} 54. Be3 {[%clk 0:05:41]} Qc8 {[%clk 0:00:51]} 55. Kh2
{[%clk 0:05:57]} Qc3 {[%clk 0:00:45]} 56. Bf4 {[%clk 0:04:25]} Qc8 57. Qb7
{[%clk 0:04:54]} Qxb7 {[%clk 0:00:43]} 58. Bxb7 {[%clk 0:03:52]} Nd7
{[%clk 0:01:36]} 59. Bc6 Nc5 60. Bb5 {[%clk 0:04:14]} Kf8 {[%clk 0:00:38]} 61.
Kg2 {[%clk 0:03:06]} Nb3 {[%clk 0:00:55]} 62. f6 {[%clk 0:02:00]} gxf6 63. Bxh6+
{[%clk 0:02:25]} Kg8 {[%clk 0:01:23]} 64. exf6 {[%clk 0:02:41]} Bxf6
{[%clk 0:01:51]} 65. Bc4 {[%clk 0:02:49]} Nd4 {[%clk 0:02:13]} 66. Bc1
{[%clk 0:02:40]} Kg7 {[%clk 0:02:11]} 67. Kh3 {[%clk 0:02:33]} Nf3
{[%clk 0:00:55]} 68. Be3 {[%clk 0:01:09]} Bd4 69. Bc1 {[%clk 0:01:19]} Ne5
{[%clk 0:00:44]} 70. Be2 f6 71. g4 {[%clk 0:00:59]} Bf2 {[%clk 0:00:36]} 72. g5
{[%clk 0:00:39]} fxg5 {[%clk 0:00:58]} 73. hxg5 {[%clk 0:00:53]} Bd4
{[%clk 0:01:21]} 74. Bf4 {[%clk 0:01:02]} Nf7 {[%clk 0:01:45]} 75. Kg4
{[%clk 0:01:16]} Nxg5 {[%clk 0:02:00]} 76. Kxg5 {[%clk 0:01:41]} Bc3
{[%clk 0:02:18]} 1/2-1/2

[Event "Team men PL final"]
[Site "Sochi"]
[Date "2018.05.08"]
[Round "7.2"]
[White "Fedoseev, Vladimir"]
[Black "Palachev, Petr"]
[Result "1-0"]
[BlackElo "2402"]
[WhiteElo "2706"]
[LiveChessVersion "1.4.8"]

1. e4 {[%clk 1:30:57]} c6 {[%clk 1:30:51]} 2. Nc3 {[%clk 1:31:19]} d5
{[%clk 1:31:13]} 3. Nf3 {[%clk 1:31:44]} dxe4 {[%clk 1:31:37]} 4. Nxe4
{[%clk 1:32:06]} Nf6 {[%clk 1:32:03]} 5. Qe2 {[%clk 1:32:03]} Nxe4
{[%clk 1:32:19]} 6. Qxe4 {[%clk 1:32:26]} Qd5 {[%clk 1:32:14]} 7. Bd3
{[%clk 1:32:49]} Qxe4+ {[%clk 1:24:58]} 8. Bxe4 {[%clk 1:33:10]} Be6
{[%clk 1:25:17]} 9. d3 {[%clk 1:29:17]} g6 {[%clk 1:21:58]} 10. O-O
{[%clk 1:23:50]} Bg7 {[%clk 1:16:22]} 11. Re1 {[%clk 1:23:58]} Nd7
{[%clk 1:15:19]} 12. d4 {[%clk 1:23:51]} Bd5 {[%clk 1:14:08]} 13. Bxd5
{[%clk 1:14:54]} cxd5 {[%clk 1:14:31]} 14. a4 {[%clk 1:15:20]} e6
{[%clk 1:12:33]} 15. a5 {[%clk 1:13:55]} O-O {[%clk 1:12:16]} 16. Re3
{[%clk 1:09:26]} Bh6 {[%clk 1:05:12]} 17. Rb3 {[%clk 1:09:28]} Bxc1
{[%clk 1:05:36]} 18. Rxc1 {[%clk 1:09:51]} b6 {[%clk 1:00:45]} 19. Ra1
{[%clk 1:10:11]} Rfc8 {[%clk 0:54:15]} 20. Ne1 {[%clk 1:07:51]} h5
{[%clk 0:53:14]} 21. c3 {[%clk 1:06:59]} Kf8 {[%clk 0:50:15]} 22. Nd3
{[%clk 1:07:13]} Ke7 {[%clk 0:46:30]} 23. f4 {[%clk 1:03:59]} Rcb8
{[%clk 0:31:34]} 24. axb6 {[%clk 0:56:16]} axb6 {[%clk 0:31:42]} 25. Rba3
{[%clk 0:56:45]} Rxa3 {[%clk 0:31:55]} 26. Rxa3 {[%clk 0:57:09]} Rb7
{[%clk 0:30:59]} 27. Kf2 {[%clk 0:54:00]} Kd6 {[%clk 0:25:16]} 28. h3
{[%clk 0:49:46]} f6 {[%clk 0:23:32]} 29. f5 {[%clk 0:43:12]} gxf5
{[%clk 0:21:18]} 30. Nf4 {[%clk 0:43:06]} h4 {[%clk 0:21:15]} 31. Ng6
{[%clk 0:43:23]} e5 {[%clk 0:15:42]} 32. Nxh4 {[%clk 0:42:29]} f4
{[%clk 0:15:46]} 33. Ra8 {[%clk 0:42:12]} Rb8 {[%clk 0:15:33]} 34. Rxb8
{[%clk 0:40:40]} Nxb8 {[%clk 0:15:58]} 35. Kf3 {[%clk 0:41:01]} Nc6
{[%clk 0:15:56]} 36. Nf5+ {[%clk 0:41:08]} Ke6 {[%clk 0:15:59]} 37. Kg4
{[%clk 0:41:32]} Na5 {[%clk 0:03:31]} 38. h4 {[%clk 0:41:53]} Nc4
{[%clk 0:03:54]} 39. h5 {[%clk 0:42:14]} Kf7 {[%clk 0:04:03]} 40. b4
{[%clk 1:09:27]} b5 {[%clk 0:31:28]} 41. g3 {[%clk 1:04:06]} fxg3
{[%clk 0:20:32]} 42. Kxg3 {[%clk 1:03:43]} Kf8 {[%clk 0:04:43]} 43. Kh4
{[%clk 0:56:12]} Nd2 {[%clk 0:02:13]} 44. Kg4 {[%clk 0:53:47]} Nb3
{[%clk 0:00:32]} 45. h6 {[%clk 0:53:22]} Kg8 {[%clk 0:00:56]} 46. dxe5
{[%clk 0:53:45]} fxe5 {[%clk 0:01:19]} 47. Ne7+ {[%clk 0:54:11]} Kh7
{[%clk 0:01:44]} 48. Nxd5 {[%clk 0:54:35]} Nd2 {[%clk 0:00:34]} 49. Kf5
{[%clk 0:54:51]} Nc4 {[%clk 0:00:35]} 50. Kg5 {[%clk 0:54:10]} Nd6
{[%clk 0:00:53]} 51. Nf6+ {[%clk 0:54:33]} Kh8 {[%clk 0:01:19]} 52. Kg4
{[%clk 0:54:44]} Nf7 {[%clk 0:01:00]} 53. Kf5 {[%clk 0:54:55]} Nxh6+
{[%clk 0:01:25]} 54. Kxe5 {[%clk 0:54:39]} Kg7 {[%clk 0:01:42]} 55. Ne8+
{[%clk 0:54:52]} Kf8 {[%clk 0:02:04]} 56. Nd6 {[%clk 0:55:16]} Ke7
{[%clk 0:01:59]} 57. Nf5+ {[%clk 0:54:56]} Nxf5 {[%clk 0:02:18]} 58. Kxf5
{[%clk 0:55:21]} Kd6 {[%clk 0:02:40]} 1-0

[Event "Team men PL final"]
[Site "Sochi"]
[Date "2018.05.08"]
[Round "7.3"]
[White "Skatchkov, Valery"]
[Black "Matlakov, Maxim"]
[Result "0-1"]
[BlackElo "2704"]
[WhiteElo "2338"]
[LiveChessVersion "1.4.8"]

1. d4 {[%clk 1:30:59]} Nf6 {[%clk 1:30:48]} 2. c4 {[%clk 1:31:16]} e6
{[%clk 1:31:07]} 3. Nf3 {[%clk 1:31:17]} d5 {[%clk 1:31:23]} 4. g3
{[%clk 1:30:48]} Bb4+ {[%clk 1:31:16]} 5. Bd2 {[%clk 1:31:10]} Be7
{[%clk 1:31:36]} 6. Bg2 {[%clk 1:31:13]} O-O {[%clk 1:31:53]} 7. O-O
{[%clk 1:31:05]} Nbd7 {[%clk 1:32:16]} 8. Qc2 {[%clk 1:29:01]} c6
{[%clk 1:32:14]} 9. Bf4 {[%clk 1:29:12]} Ne4 {[%clk 1:31:25]} 10. Nc3
{[%clk 1:26:44]} g5 {[%clk 1:28:04]} 11. Be3 {[%clk 1:24:06]} Nd6
{[%clk 1:23:15]} 12. cxd5 {[%clk 1:06:34]} exd5 {[%clk 1:22:13]} 13. Rad1
{[%clk 1:01:25]} Nb6 {[%clk 1:17:38]} 14. Qc1 {[%clk 1:00:18]} f6
{[%clk 1:15:15]} 15. b3 {[%clk 0:50:23]} a5 {[%clk 1:01:38]} 16. Ne1
{[%clk 0:46:30]} Nf5 {[%clk 0:59:41]} 17. Nc2 {[%clk 0:37:51]} Nxe3
{[%clk 0:57:35]} 18. Qxe3 {[%clk 0:38:07]} Bf5 {[%clk 0:50:25]} 19. Qd2
{[%clk 0:36:05]} Bb4 {[%clk 0:50:05]} 20. Rfe1 {[%clk 0:26:20]} Bxc2
{[%clk 0:48:03]} 21. Qxc2 {[%clk 0:26:44]} f5 {[%clk 0:48:27]} 22. Rd3
{[%clk 0:25:35]} Nc8 {[%clk 0:40:27]} 23. Rf1 {[%clk 0:21:12]} Bxc3
{[%clk 0:31:00]} 24. Rxc3 {[%clk 0:19:42]} Nd6 {[%clk 0:31:03]} 25. Rc5
{[%clk 0:18:31]} h5 {[%clk 0:28:48]} 26. a3 {[%clk 0:17:10]} Qf6 {[%clk 0:27:15]}
27. e3 {[%clk 0:15:25]} h4 {[%clk 0:21:28]} 28. b4 {[%clk 0:14:37]} axb4
{[%clk 0:21:49]} 29. axb4 {[%clk 0:15:04]} Rad8 {[%clk 0:08:07]} 30. Qd3
{[%clk 0:13:16]} Qe6 {[%clk 0:06:58]} 31. Rfc1 {[%clk 0:11:25]} Rd7
{[%clk 0:06:27]} 32. Bf3 {[%clk 0:09:50]} hxg3 {[%clk 0:04:53]} 33. hxg3
{[%clk 0:09:48]} f4 {[%clk 0:03:02]} 34. exf4 {[%clk 0:07:44]} gxf4
{[%clk 0:03:31]} 35. g4 {[%clk 0:07:09]} Rg7 {[%clk 0:03:51]} 36. R5c2
{[%clk 0:04:46]} Rxg4+ {[%clk 0:02:20]} 37. Bxg4 {[%clk 0:04:39]} Qxg4+
{[%clk 0:02:49]} 38. Kh2 {[%clk 0:04:55]} Rf5 {[%clk 0:02:37]} 0-1

[Event "Team men PL final"]
[Site "Sochi"]
[Date "2018.05.08"]
[Round "7.4"]
[White "Rodshtein, Maxim"]
[Black "Natacheev, Peter"]
[Result "1-0"]
[BlackElo "2243"]
[WhiteElo "2678"]
[LiveChessVersion "1.4.8"]

1. c4 {[%clk 1:30:57]} e5 {[%clk 1:29:33]} 2. Nc3 {[%clk 1:31:11]} Nf6
{[%clk 1:29:37]} 3. g3 {[%clk 1:31:24]} g6 {[%clk 1:29:15]} 4. Bg2
{[%clk 1:31:09]} Bg7 {[%clk 1:29:21]} 5. Nf3 {[%clk 1:30:22]} d6 {[%clk 1:29:17]}
6. d4 {[%clk 1:30:00]} Nbd7 {[%clk 1:22:04]} 7. O-O {[%clk 1:29:53]} O-O
{[%clk 1:22:27]} 8. b3 {[%clk 1:26:37]} Re8 {[%clk 1:20:55]} 9. e4
{[%clk 1:19:22]} b6 {[%clk 1:13:09]} 10. d5 {[%clk 1:16:06]} Nc5 {[%clk 1:09:13]}
11. Ne1 {[%clk 1:15:37]} a5 {[%clk 1:08:48]} 12. Rb1 {[%clk 1:14:28]} Nh5
{[%clk 1:06:53]} 13. Bf3 {[%clk 0:53:50]} Bh3 {[%clk 1:00:26]} 14. Bxh5
{[%clk 0:44:56]} Bxf1 {[%clk 0:59:51]} 15. Kxf1 {[%clk 0:45:21]} gxh5
{[%clk 1:00:17]} 16. Qxh5 {[%clk 0:45:41]} Qf6 {[%clk 0:57:57]} 17. Ng2
{[%clk 0:43:03]} Qg6 {[%clk 0:56:45]} 18. Qf3 {[%clk 0:42:21]} Bf6
{[%clk 0:56:04]} 19. h4 {[%clk 0:41:34]} h5 {[%clk 0:55:00]} 20. Ne3
{[%clk 0:39:56]} Nd7 {[%clk 0:51:38]} 21. Ke2 {[%clk 0:33:17]} Bg7
{[%clk 0:50:41]} 22. Nf5 {[%clk 0:31:56]} Nf6 {[%clk 0:48:26]} 23. Nb5
{[%clk 0:23:31]} Rac8 {[%clk 0:45:43]} 24. Bg5 {[%clk 0:23:33]} Ng4
{[%clk 0:44:03]} 25. Na7 {[%clk 0:22:20]} Ra8 {[%clk 0:43:55]} 26. Nc6
{[%clk 0:22:43]} Bf8 {[%clk 0:43:06]} 27. Rg1 {[%clk 0:20:07]} f6
{[%clk 0:39:57]} 28. Bd2 {[%clk 0:20:13]} Kf7 {[%clk 0:40:04]} 29. Qh1
{[%clk 0:18:27]} Bh6 {[%clk 0:39:35]} 30. Bc3 {[%clk 0:14:02]} Bg7
{[%clk 0:38:53]} 31. Bd2 {[%clk 0:10:56]} Bh6 {[%clk 0:37:52]} 32. f3
{[%clk 0:06:56]} Bxd2 {[%clk 0:37:33]} 33. fxg4 {[%clk 0:07:19]} Bb4
{[%clk 0:36:00]} 34. g5 {[%clk 0:06:38]} Qh7 {[%clk 0:32:00]} 35. Rf1
{[%clk 0:06:01]} Kg8 {[%clk 0:28:30]} 36. g6 {[%clk 0:05:56]} 1-0

[Event "Team men PL final"]
[Site "Sochi"]
[Date "2018.05.08"]
[Round "7.5"]
[White "Pogorelskikh, Sergey"]
[Black "Alekseenko, Kirill"]
[Result "0-1"]
[BlackElo "2625"]
[WhiteElo "2142"]
[LiveChessVersion "1.4.8"]

1. e4 {[%clk 1:30:57]} c5 {[%clk 1:30:51]} 2. Nf3 {[%clk 1:31:20]} d6
{[%clk 1:31:11]} 3. d4 {[%clk 1:31:45]} cxd4 {[%clk 1:31:34]} 4. Nxd4
{[%clk 1:32:12]} Nf6 {[%clk 1:31:55]} 5. Nc3 {[%clk 1:32:37]} Bd7
{[%clk 1:32:09]} 6. Bg5 {[%clk 1:32:01]} e6 {[%clk 1:32:24]} 7. Qd2
{[%clk 1:29:03]} a6 {[%clk 1:32:38]} 8. O-O-O {[%clk 1:25:14]} h6
{[%clk 1:33:00]} 9. Bxf6 {[%clk 1:18:35]} Qxf6 {[%clk 1:33:18]} 10. f4
{[%clk 1:18:39]} Nc6 {[%clk 1:33:08]} 11. g3 {[%clk 1:17:42]} Nxd4
{[%clk 1:27:10]} 12. Qxd4 {[%clk 1:18:03]} Qxd4 {[%clk 1:27:32]} 13. Rxd4
{[%clk 1:18:29]} g5 {[%clk 1:23:53]} 14. Bh3 {[%clk 1:15:00]} h5 {[%clk 1:20:38]}
15. f5 {[%clk 1:08:25]} g4 {[%clk 1:17:31]} 16. Bg2 {[%clk 1:07:25]} Bc6
{[%clk 1:16:50]} 17. h3 {[%clk 1:04:38]} Ke7 {[%clk 1:13:36]} 18. hxg4
{[%clk 0:59:46]} Bh6+ {[%clk 1:13:49]} 19. Kb1 {[%clk 0:59:38]} Bg7
{[%clk 1:09:56]} 20. Rdd1 {[%clk 0:56:57]} hxg4 {[%clk 1:06:58]} 21. fxe6
{[%clk 0:49:41]} fxe6 {[%clk 1:07:20]} 22. Ne2 {[%clk 0:49:16]} Be5
{[%clk 1:07:44]} 23. Nf4 {[%clk 0:48:39]} Bxf4 {[%clk 0:45:36]} 24. gxf4
{[%clk 0:48:03]} Rxh1 {[%clk 0:41:24]} 25. Rxh1 {[%clk 0:47:31]} Rf8
{[%clk 0:41:37]} 26. Rf1 {[%clk 0:47:50]} e5 {[%clk 0:36:49]} 27. f5
{[%clk 0:45:38]} Rh8 {[%clk 0:37:15]} 28. Rh1 {[%clk 0:43:44]} Rxh1+
{[%clk 0:36:42]} 29. Bxh1 {[%clk 0:44:09]} Kf6 {[%clk 0:37:09]} 30. Kc1
{[%clk 0:43:35]} Kg5 {[%clk 0:37:33]} 31. Kd2 {[%clk 0:43:52]} Kf4
{[%clk 0:37:51]} 32. Ke2 {[%clk 0:43:57]} Kg3 {[%clk 0:37:53]} 0-1

[Event "Team men PL final"]
[Site "Sochi"]
[Date "2018.05.08"]
[Round "7.6"]
[White "Goganov, Aleksey"]
[Black "Vdovin, Maxim"]
[Result "1-0"]
[BlackElo "2139"]
[WhiteElo "2572"]
[LiveChessVersion "1.4.8"]

1. d4 {[%clk 1:30:57]} Nf6 {[%clk 1:30:56]} 2. c4 {[%clk 1:31:17]} e6
{[%clk 1:31:22]} 3. Nf3 {[%clk 1:31:43]} b6 {[%clk 1:31:37]} 4. g3
{[%clk 1:32:08]} Bb7 {[%clk 1:32:03]} 5. Bg2 {[%clk 1:32:34]} Be7
{[%clk 1:32:23]} 6. O-O {[%clk 1:32:58]} O-O {[%clk 1:32:45]} 7. Nc3
{[%clk 1:33:24]} Ne4 {[%clk 1:29:57]} 8. Bd2 {[%clk 1:33:40]} d6 {[%clk 1:28:55]}
9. d5 {[%clk 1:32:28]} Nxc3 {[%clk 1:28:28]} 10. Bxc3 {[%clk 1:32:49]} e5
{[%clk 1:28:53]} 11. b4 {[%clk 1:29:20]} Nd7 {[%clk 1:22:11]} 12. e4
{[%clk 1:27:57]} a5 {[%clk 1:19:00]} 13. a3 {[%clk 1:27:53]} axb4
{[%clk 1:14:25]} 14. axb4 {[%clk 1:27:58]} Ba6 {[%clk 1:14:44]} 15. Qe2
{[%clk 1:25:48]} Qc8 {[%clk 1:09:05]} 16. Bh3 {[%clk 1:25:00]} Rd8
{[%clk 1:08:34]} 17. Ra2 {[%clk 1:12:58]} Bb7 {[%clk 0:52:43]} 18. Rfa1
{[%clk 1:10:35]} Rxa2 {[%clk 0:50:19]} 19. Qxa2 {[%clk 1:11:00]} c5
{[%clk 0:50:13]} 20. Qa4 {[%clk 1:02:20]} Qc7 {[%clk 0:34:37]} 21. Qb5
{[%clk 1:01:28]} Nf6 {[%clk 0:34:27]} 22. bxc5 {[%clk 0:57:41]} Qxc5
{[%clk 0:33:13]} 23. Qxc5 {[%clk 0:57:25]} bxc5 {[%clk 0:33:33]} 24. Ra7
{[%clk 0:57:19]} Rb8 {[%clk 0:17:45]} 25. Nxe5 {[%clk 0:56:35]} Nxe4
{[%clk 0:17:02]} 26. Nc6 {[%clk 0:56:30]} Bxc6 {[%clk 0:15:45]} 27. dxc6
{[%clk 0:56:44]} Re8 {[%clk 0:12:45]} 28. Ba5 {[%clk 0:55:29]} d5
{[%clk 0:09:58]} 29. c7 {[%clk 0:54:40]} Nd6 {[%clk 0:10:22]} 30. cxd5
{[%clk 0:54:48]} c4 {[%clk 0:10:31]} 31. c8=Q {[%clk 0:53:43]} Nxc8
{[%clk 0:10:35]} 32. Bxc8 {[%clk 0:54:05]} 1-0

[Event "Team men PL final"]
[Site "Sochi"]
[Date "2018.05.08"]
[Round "7.7"]
[White "Gelfand, Boris"]
[Black "Artemiev, Vladislav"]
[Result "1/2-1/2"]
[BlackElo "2704"]
[WhiteElo "2695"]
[LiveChessVersion "1.4.8"]

1. Nf3 {[%clk 1:30:58]} g6 {[%clk 1:29:35]} 2. e4 {[%clk 1:30:33]} d6
{[%clk 1:29:54]} 3. c4 {[%clk 1:30:19]} Bg4 {[%clk 1:29:40]} 4. d4
{[%clk 1:30:14]} Nd7 {[%clk 1:29:55]} 5. Be2 {[%clk 1:27:11]} e5 {[%clk 1:30:01]}
6. Be3 {[%clk 1:19:57]} Bg7 {[%clk 1:24:45]} 7. Nc3 {[%clk 1:17:30]} exd4
{[%clk 1:16:08]} 8. Nxd4 {[%clk 1:14:17]} Bxe2 {[%clk 1:16:22]} 9. Ndxe2
{[%clk 1:02:29]} Ngf6 {[%clk 1:13:55]} 10. O-O {[%clk 1:02:47]} O-O
{[%clk 1:13:16]} 11. Qd2 {[%clk 1:01:47]} a6 {[%clk 1:10:51]} 12. f3
{[%clk 0:54:08]} Qb8 {[%clk 1:07:42]} 13. a4 {[%clk 0:50:55]} a5 {[%clk 1:07:33]}
14. Rad1 {[%clk 0:41:18]} Re8 {[%clk 1:06:33]} 15. Nf4 {[%clk 0:40:43]} Ne5
{[%clk 0:58:37]} 16. b3 {[%clk 0:39:35]} Nfd7 {[%clk 0:58:28]} 17. Nfd5
{[%clk 0:31:22]} c6 {[%clk 0:56:37]} 18. Nb6 {[%clk 0:31:44]} Nxb6
{[%clk 0:55:41]} 19. Bxb6 {[%clk 0:32:08]} Nd7 {[%clk 0:53:32]} 20. Be3
{[%clk 0:30:46]} Re6 {[%clk 0:47:10]} 21. Ne2 {[%clk 0:24:24]} Bf8
{[%clk 0:45:55]} 22. Bd4 {[%clk 0:20:34]} Qc7 {[%clk 0:42:59]} 23. Kh1
{[%clk 0:18:58]} Ree8 {[%clk 0:24:16]} 24. Bb2 {[%clk 0:16:27]} Rad8
{[%clk 0:21:15]} 25. Bc3 {[%clk 0:14:58]} Ra8 {[%clk 0:19:54]} 26. Ng3
{[%clk 0:12:17]} Bg7 {[%clk 0:17:45]} 27. Bxg7 {[%clk 0:10:59]} Kxg7
{[%clk 0:18:00]} 28. f4 {[%clk 0:11:26]} Nc5 {[%clk 0:15:10]} 29. f5
{[%clk 0:09:22]} f6 {[%clk 0:15:35]} 30. Qf4 {[%clk 0:07:49]} g5 {[%clk 0:14:56]}
31. Qxd6 {[%clk 0:06:19]} Qxd6 {[%clk 0:15:20]} 32. Rxd6 {[%clk 0:06:46]} Nxe4
{[%clk 0:13:18]} 33. Rd7+ {[%clk 0:07:00]} Kg8 {[%clk 0:10:20]} 34. Nxe4
{[%clk 0:04:02]} Rxe4 {[%clk 0:10:45]} 35. Rxb7 {[%clk 0:04:30]} Rd8
{[%clk 0:06:47]} 36. Rc7 {[%clk 0:04:40]} Re2 {[%clk 0:04:44]} 37. Rxc6
{[%clk 0:04:43]} Rf2 {[%clk 0:05:03]} 38. Rg1 {[%clk 0:02:45]} Rxf5
{[%clk 0:05:22]} 39. Rb6 {[%clk 0:03:12]} Rd3 {[%clk 0:00:44]} 40. h3
{[%clk 0:31:53]} Kf7 {[%clk 0:30:37]} 41. Rb5 {[%clk 0:23:28]} 1/2-1/2

[Event "Team men PL final"]
[Site "Sochi"]
[Date "2018.05.08"]
[Round "7.9"]
[White "Malakhov, Vladimir"]
[Black "Timofeev, Artyom"]
[Result "1-0"]
[BlackElo "2579"]
[WhiteElo "2691"]
[LiveChessVersion "1.4.8"]

1. e4 {[%clk 1:30:52]} c5 {[%clk 1:30:48]} 2. Nf3 {[%clk 1:31:15]} d6
{[%clk 1:31:03]} 3. Bb5+ {[%clk 1:31:35]} Bd7 {[%clk 1:31:11]} 4. Bxd7+
{[%clk 1:31:59]} Qxd7 {[%clk 1:30:35]} 5. c4 {[%clk 1:32:08]} Nf6
{[%clk 1:20:51]} 6. Nc3 {[%clk 1:32:32]} g6 {[%clk 1:21:11]} 7. d4
{[%clk 1:32:32]} cxd4 {[%clk 1:21:36]} 8. Nxd4 {[%clk 1:32:53]} Bg7
{[%clk 1:21:51]} 9. h3 {[%clk 1:32:25]} Qc7 {[%clk 1:17:04]} 10. b3
{[%clk 1:30:38]} Qa5 {[%clk 1:16:55]} 11. Bd2 {[%clk 1:30:51]} Nxe4
{[%clk 0:58:10]} 12. Nxe4 {[%clk 1:30:53]} Qe5 {[%clk 0:58:34]} 13. Qb1
{[%clk 1:31:12]} f5 {[%clk 0:58:51]} 14. Bc3 {[%clk 1:31:27]} Qxe4+
{[%clk 0:59:12]} 15. Qxe4 {[%clk 1:31:52]} fxe4 {[%clk 0:59:37]} 16. Nb5
{[%clk 1:32:18]} Bxc3+ {[%clk 0:59:06]} 17. Nxc3 {[%clk 1:32:31]} Nd7
{[%clk 0:42:07]} 18. Nxe4 {[%clk 1:30:59]} O-O {[%clk 0:41:01]} 19. O-O
{[%clk 1:29:02]} Nc5 {[%clk 0:35:15]} 20. Nxc5 {[%clk 1:07:37]} dxc5
{[%clk 0:35:39]} 21. Rae1 {[%clk 1:08:01]} Kf7 {[%clk 0:33:29]} 22. Re5
{[%clk 1:08:06]} b6 {[%clk 0:33:00]} 23. Rfe1 {[%clk 1:08:30]} Rfe8
{[%clk 0:32:38]} 24. g4 {[%clk 1:08:50]} Rad8 {[%clk 0:32:25]} 25. R1e3
{[%clk 1:09:13]} e6 {[%clk 0:24:53]} 26. Kg2 {[%clk 1:08:28]} Rd6
{[%clk 0:24:56]} 27. h4 {[%clk 1:08:21]} Kf6 {[%clk 0:21:11]} 28. a4
{[%clk 1:03:21]} Rd4 {[%clk 0:16:13]} 29. Kg3 {[%clk 1:03:33]} Rd1
{[%clk 0:16:37]} 30. Kg2 {[%clk 0:51:50]} Rd4 {[%clk 0:16:00]} 31. Kf3
{[%clk 0:52:15]} Rd1 {[%clk 0:13:08]} 32. a5 {[%clk 0:41:08]} Rh1
{[%clk 0:12:34]} 33. axb6 {[%clk 0:40:11]} axb6 {[%clk 0:10:34]} 34. g5+
{[%clk 0:39:55]} Kf7 {[%clk 0:10:54]} 35. Kg3 {[%clk 0:40:21]} Rg1+
{[%clk 0:09:02]} 36. Kh2 {[%clk 0:40:44]} Rb1 {[%clk 0:06:48]} 37. Kg2
{[%clk 0:38:38]} Rb2 {[%clk 0:05:40]} 38. Kg3 {[%clk 0:35:13]} Rb1
{[%clk 0:05:11]} 39. R5e4 {[%clk 0:33:55]} Kg7 {[%clk 0:02:48]} 40. Rd3
{[%clk 1:03:07]} Re7 {[%clk 0:31:52]} 41. f3 {[%clk 0:50:49]} e5 {[%clk 0:26:15]}
42. Ree3 {[%clk 0:48:00]} Rg1+ {[%clk 0:23:35]} 43. Kh2 {[%clk 0:46:05]} Rb1
{[%clk 0:23:45]} 44. Rd6 {[%clk 0:44:51]} h6 {[%clk 0:07:22]} 45. Rxb6
{[%clk 0:43:41]} hxg5 {[%clk 0:07:46]} 46. hxg5 {[%clk 0:44:08]} Rf7
{[%clk 0:07:23]} 47. Re6 {[%clk 0:41:28]} 1-0

[Event "Team men PL final"]
[Site "Sochi"]
[Date "2018.05.08"]
[Round "7.10"]
[White "Iljin, Artem"]
[Black "Riazantsev, Alexander"]
[Result "1/2-1/2"]
[BlackElo "2662"]
[WhiteElo "2528"]
[LiveChessVersion "1.4.8"]

1. c4 {[%clk 1:30:54]} e6 {[%clk 1:30:53]} 2. g3 {[%clk 1:30:49]} d5
{[%clk 1:31:12]} 3. Bg2 {[%clk 1:30:44]} d4 {[%clk 1:29:46]} 4. Nf3
{[%clk 1:23:41]} c5 {[%clk 1:29:57]} 5. O-O {[%clk 1:21:36]} Ne7 {[%clk 1:30:04]}
6. d3 {[%clk 1:14:41]} Nec6 {[%clk 1:29:03]} 7. e3 {[%clk 0:56:53]} Be7
{[%clk 1:29:14]} 8. Na3 {[%clk 0:49:07]} O-O {[%clk 1:28:24]} 9. Nc2
{[%clk 0:46:16]} a5 {[%clk 1:26:05]} 10. Re1 {[%clk 0:36:13]} Na6
{[%clk 1:20:31]} 11. Rb1 {[%clk 0:35:31]} Re8 {[%clk 1:15:43]} 12. b3
{[%clk 0:28:18]} Bf8 {[%clk 1:07:58]} 13. exd4 {[%clk 0:21:52]} cxd4
{[%clk 1:07:23]} 14. Ne5 {[%clk 0:21:31]} Nxe5 {[%clk 0:45:43]} 15. Rxe5
{[%clk 0:21:56]} f6 {[%clk 0:46:11]} 16. Re1 {[%clk 0:21:03]} e5 {[%clk 0:42:47]}
17. a3 {[%clk 0:18:46]} Nc5 {[%clk 0:36:10]} 18. b4 {[%clk 0:17:56]} axb4
{[%clk 0:29:54]} 19. axb4 {[%clk 0:17:39]} Na4 {[%clk 0:30:17]} 20. Bd2
{[%clk 0:17:49]} Kh8 {[%clk 0:24:49]} 21. Qh5 {[%clk 0:09:36]} g6
{[%clk 0:25:10]} 22. Qf3 {[%clk 0:08:39]} Rb8 {[%clk 0:22:28]} 23. Ra1
{[%clk 0:04:40]} Bd7 {[%clk 0:21:57]} 24. Qe2 {[%clk 0:04:05]} b5
{[%clk 0:20:37]} 25. c5 {[%clk 0:04:24]} Qc8 {[%clk 0:13:26]} 26. f4
{[%clk 0:03:55]} Bg7 {[%clk 0:11:37]} 27. fxe5 {[%clk 0:04:02]} fxe5
{[%clk 0:12:05]} 28. Na3 {[%clk 0:02:12]} e4 {[%clk 0:04:42]} 29. Bxe4
{[%clk 0:02:27]} Bg4 {[%clk 0:04:45]} 30. Qg2 {[%clk 0:02:35]} Bh3
{[%clk 0:05:11]} 31. Qe2 {[%clk 0:02:34]} Bg4 {[%clk 0:05:21]} 32. Qg2
{[%clk 0:02:49]} Bh3 {[%clk 0:05:50]} 33. Qe2 {[%clk 0:03:10]} 1/2-1/2